000 00741nam a22002177a 4500
003 OSt
005 20260610130217.0
008 260610b |||||||| |||| 00| 0 eng d
020 _a9781416613626
040 _cChuka University Library
050 _aLB 1025.3 .C5 2012
100 _aDean, Ceri B.
_928268
245 _aClassroom Instruction that Works: Research-Based Strategies for increasing Student Achievement
250 _a2nd ed.
260 _aAlexandria
_bASCD
_c2012
300 _a188P
_bIllustrations
650 _aEffective Teaching -United States
_927675
650 _aAcademic Achievement-United States-Statistics
_928269
700 _aElizabeth Ross Hubbell, Howard Pitler and Bj Stone
_928270
942 _2lcc
_cBK
_n0
999 _c23819
_d23819